In quale anno...? - Statistics

Statistiche generali
  • Questo quiz è stato fatto 105 volte
  • Il punteggio medio è 9 su 15
Statistiche sulle risposte
Domanda Risposta % Corretto
Il cardinale argentino Jorge Mario Bergoglio viene eletto papa col nome di Francesco. 2013
100%
L'Euro, valuta ufficiale dell'Unione Europea, entra in circolo in dodici paesi, inclusa l'Italia. 2002
90%
Aldo Moro, presidente della Democrazia Cristiana, viene rapito e successivamente assassinato dall'organizzazione terroristica Brigate Rosse. 1978
86%
Un potente maremoto provoca un grave incidente nucleare nella centrale di Fukushima, sulla costa est del Giappone. 2011
83%
Nasce a Bologna Raffaella Carrà, considerata la regina della televisione italiana, nonchè un'icona della cultura pop in Europa e in America Latina. 1943
66%
A Vermicino, il piccolo Alfredino Rampi perde la vita a seguito della caduta in un pozzo artesiano. 1981
62%
A soli 73 secondi dal lancio, lo Space Shuttle della NASA 'Challenger' esplode, causando la morte di tutti i 7 membri dell'equipaggio. 1986
59%
Giorgia vince il Festival di Sanremo con la canzone "Come Saprei". 1995
59%
Anna Magnani vince il premio Oscar come miglior attrice con il film "La rosa tatuata". 1956
55%
Franco Malerba vola nello spazio con lo shuttle Atlantis e diventa il primo astronauta italiano. 1992
55%
L'uragano Katrina si abbatte sulla costa meridionale degli Stati Uniti, causando un elevato numero di vittime. 2005
45%
La neurologa italiana Rita Levi-Montalcini vince il premio Nobel per la medicina per le sue scoperte e l'individuazione di fattori di crescita cellulare. 1986
41%
Il referendum sulla permanenza del Regno Unito nell'Unione europea sancisce l'uscita del paese anglosassone dall'unione. 2016
38%
La Parmalat, ditta italiana leader nel settore alimentare, dichiara bancarotta. 2003
34%
Alberto Tomba vince due medaglie d'oro (slalom e slalom gigante) alle Olimpiadi invernali di Calgary. 1988
31%
Nessun quiz corrispondente trovato
Distribuzione punteggi
Percentuale di utenti per punteggio
Percentile per numero di risposta
I tuoi punteggi nel tempo
Non hai fatto questo quiz